000 00745nam a2200289Ia 4500
005 20260324114105.0
008 008 260324s9999 xx 000 0 eng d
020 _a9781003199106
037 _aEBOOK
040 _aCRL
040 _beng
040 _cCRL
041 _2eng
041 _aeng
084 _qCRL
100 _aSara Scott Shields; Rachel Fendler
_91149390
245 0 _aDeveloping a Curriculum Model for Civically Engaged Art Education
245 0 _bEngaging Youth through Artistic Research
260 _bTaylor and Francis
260 _c2023
365 _a
365 _b230
856 _uhttp://www.taylorfrancis.com/books/9781003199106
942 _cEBOOK
999 _c1739387
_d1739387